000 00928nas a2200289 4500
001 BR8107247
003 BR-BrBNA
005 20231205084902.0
007 ta
008 230509b bl.|||p| |||| 00| 00por d
040 _aBR-BrBNA
_bpor
_cBiblioteca Nacional de Agricultura
041 _a(Pt)
072 _aL30; F60; F40
100 1 _aLourenco, A.J.
100 1 _aMatsui, E.
100 1 _aDelistoianov, J.
245 1 _aAvaliacao de forragem selecionada por bovinos em pastagem consorciada com diferentes lotacoes utilizando-se dados de gama 13C
650 _aBOVINO
650 _aFORRAGEM
650 _aPASTAGEM CONSORCIADA
650 _aGRAMINEA FORRAGEIRA
650 _aLEGUMINOSA FORRAGEIRA
650 _aANALISE QUIMICA
773 0 _tBoletim de Industria Animal (Brazil)
_xISSN 0067-9617
_g(Jul-Dec 1981), v. 38(2) p. 145-153
_wBR8107247
909 _a202311
_bLúcia
_c55
_dLúcia Elande
942 _2AGRIS
_n0
_cANA
999 _c107898
_d107898